| 000 | 01099nam a2200301 4500 | ||
|---|---|---|---|
| 003 | EC-UNACH | ||
| 005 | 20251107182115.0 | ||
| 006 | s||||gr|||| 00| 00 | ||
| 008 | 150116t9999 mx r gr 000 0 spa d | ||
| 020 | _as/n | ||
| 040 |
_aEC-UNACH _cEC-UNACH |
||
| 041 | _aspa | ||
| 082 | 0 | 4 |
_223 _a658.151.3 _bL017973 |
| 110 | _aTrama ediciones | ||
| 245 | _aManta el sueño de un puerto | ||
| 250 | _aPrimera edición | ||
| 264 |
_aEcuador _bTrama ediciones _cs/n |
||
| 300 | _a136 | ||
| 505 | _a- Expectativas del tercer milenio - Fundación española de Manabí - La república de papel - El fin de aislamiento y bonanza exportadora - De caleta pesquera a ciudad - puerto - El progreso atraco junto a los muelles - El gran salto hacia el futuro - Los grandes desafíos. | ||
| 650 | _aEXPECTATIVAS | ||
| 650 | _aUN MOSAICO DE NACIONALIDADES | ||
| 650 | _aFUNDACIÓN ESPAÑOLA DE MANABI | ||
| 700 | _aRicardo de la Fuente / Teddy Andrade Vélez | ||
| 942 |
_2ddc _c1 |
||
| 999 | _c14164 | ||